MDQL
is popping MORE tags! Check the
thread
!
Quizzes
Events
Quiz Creation
Community
Videos
Private Events
Remove Ads
Sign In
Join for FREE
Feedback
Dark Mode
Quiz Categories
Sports
Geography
Music
Movies
Television
Just For Fun
Miscellaneous
History
Literature
Language
Science
Gaming
Entertainment
Religion
Holiday
For Kids
Quiz Lab
Recent
Popular Today
Quiz Kudos Today
Editor Picks
Curator Picks
Quizzes by...
Day
Popularity
Type
Ratings
Length
Year
Community
Subscriptions
Recent Discussions
Orange Saloon
Badges
Playlists
Quests
Create
Leaderboards
Showdown
Live 5
Trivia Bingo
Activity
Puzzle Library
Sporcle Events
Private Events
Virtual Trivia
Globe League
Become a Host
Pub Owners
SporcleCon
Opinionation
Our Games
Videos
Blog
Mobile Apps
Partnerships
Remove Ads and Go Orange
Feedback
Sports
Athletes
MLB
NBA
NHL
NFL
Soccer
Sports Teams
WWE
NCAA
Football
Premier League
Basketball
Baseball
Hockey
Golf
Tennis
Cricket
Rugby
Auto Racing
Olympics
World Cup
Sports
Athletes
MLB
NBA
NHL
NFL
Soccer
Sports Teams
WWE
NCAA
Football
Premier League
Basketball
Baseball
Hockey
Golf
Tennis
Cricket
Rugby
Auto Racing
Olympics
World Cup
Random Quiz
Search Sporcle
×
Quiz Lab
Quiz Lab
Sports
NFL
Type in answers that appear in a list
Type in answers that appear in a list
Classic
Best Score? Go Orange.
1962 Green Bay Packers Complete Roster Stats
Name all the players for the 1962 NFL Champion Green Bay Packers
By
pabramoff
12m
37 Questions
63 Plays
63 Plays
63 Plays
Comments
Comments
Give Quiz Kudos
Give Quiz Kudos
-
- Ratings
hide this ad
Replay
Link that replays current quiz
Next Quiz
Link to next quiz in quiz playlist
You Got
0%
They Got
Avg Score
62%
Avg Friend Score
Upgrade to see
Score Distribution
Jump to the score distribution portion of the page
Score
0/37
Timer
12:00
0
Plays Today
Position
Player
% Correct
Quarterback
Bart Starr
96.8%
Guard-
Kicker
Jerry Kramer
90.5%
Halfback-
Kicker
Paul Hornung
90.5%
Fullback
Jim Taylor
90.5%
End-
Punter
Max McGee
88.9%
End
Ron Kramer
88.9%
Flanker-
Punter
Boyd Dowler
87.3%
Linebacker
Ray Nitschke
87.3%
Cornerback
Herb Adderley
85.7%
Tackle
Forrest Gregg
84.1%
Center
Jim Ringo
84.1%
Defensive End
Willie Davis
84.1%
Guard
Fuzzy Thurston
77.8%
Defensive Tackle
Henry Jordan
77.8%
Safety
Willie Wood
77.8%
Halfback
Elijah Pitts
74.6%
Tackle
Bob Skoronski
63.5%
Defensive Tackle
Dave Hanner
61.9%
Defensive Tackle
Ron Kostelnik
61.9%
Position
Player
% Correct
Halfback
Tom Moore
58.7%
Safety
Hank Gremminger
57.1%
Linebacker
Bill Forester
55.6%
Linebacker
Dan Currie
54%
Cornerback
Jesse Whittenton
54%
Quarterback
John Roach
52.4%
Defensive End
Bill Quinlan
49.2%
Cornerback
John Symank
49.2%
Tackle
Norm Masters
47.6%
Fullback
Earl Gros
46%
Halfback-
Flanker
Lew Carpenter
42.9%
Center
Ken Iman
39.7%
End
Gary Knafelc
39.7%
Safety
Howie Williams
34.9%
End
Gary Barnes
28.6%
Guard
Ed Blaine
22.2%
Defensive Tackle
Ron Gassert
20.6%
Linebacker
Nelson Toburen
20.6%
Quiz Playlist
Details
Report
Send in Message
Add To Playlist
Classic:
Type in answers that appear in a list
Last Updated: Jul 28, 2023
Quiz Scoreboard
CHALLENGE
Sign Up to Join the Scoreboard
Show All
Scores
Hide
Comments
May contain spoilers
Recently Published
Colored Red Africa Blitz
by spor1
Geography
30s
Find the 'City' Movie
by crazypaving
Movies
60s
5x2 Blitz: Bands
by SL_Kpop136
Music
30s
More to Explore
Quiz From the Vault
Featured Blog Post
14 Easter Pick-up Lines to Find Eggs With
hide this ad
You Might Also Like...
Tags
Football Quiz
NFL Quiz
1962
champion
complete
Green Bay Packers
NFL Player
Roster
Sports History
Today's Top Quizzes in Sports
Browse Sports
hide this ad
Today's Top Quizzes in NFL
Browse NFL
Top Contributed Quizzes in Sports
1
Les entraîneurs de l'OM et du PSG au 21e siècle
2
Les meilleurs buteurs des matchs entre le PSG et l’OM
3
Les joueurs passés par le PSG et l'OM
4
Players with Multiple 50 Home Run Seasons
5
2022 World Cup Stars
6
Criteria MLB: Left Handed Sluggers
7
NBA Logic Puzzle 2.0
8
MLB Players with Two .350 Batting Average Seasons
9
Top 10 NHL Goal Scorers of All Time
10
Les joueurs passés par le LOSC et le RC Lens
Explore More
Trending Topics
Kpop
Disney
Anime
Harry Potter
NBA
Crossword
Marvel
The Office
Pokémon
Song
WWE
NFL
Country
Puzzle
Soccer
hide this ad
More By:
pabramoff
Quiz
Plays
Rating
Category
Featured
Created
NBA Stars by Top of Head
50,135
4.61
Sports
Nov 28, 2019
US Presidents by Actors
34,549
4.61
History
Jul 18, 2019
Rock Quartets by First Names
24,549
4.73
Music
Oct 1, 2019
20 SNL Characters
20,366
4.68
Television
Jul 15, 2020
Big League Birds
11,427
4.70
Sports
Jun 8, 2017
Go to Creator's Profile
Score Distribution
Quiz Creator Spotlight
pabramoff
Follow
Send a Message
Quizzes Created
-
Created Quiz Play Count
-
More By This Creator
Popular Quizzes Today
1
Colored Red Africa Blitz
2
Find the 'City' Movie
3
5x2 Blitz: Bands
4
Find the US States - No Outlines Minefield
5
The Countries of the World
6
Find the US States
7
US States
8
Find the Countries of Europe - No Outlines Minefield
More Sports Quizzes
Tottenham Hotspur players at the World Cup
Quiz Lab
Trending Quizzes
Colored Red Europe Blitz I
Colored Red Europe Blitz II
Colored Red Africa Blitz II
Colored Red Europe Blitz III
Colored Red Africa Blitz III
Recently Updated
How Do You Spell That?
pecheneg
Godzilla Movies
pecheneg
Grab Bag: 4-10 Letters
pecheneg
2024 March Madness Bracket
pecheneg
Famous TV Couples
Peacemaker
Champions League XIs: Real Madrid
pecheneg
Largest US Cities 1790-2010
pecheneg
Rides in Walt Disney World
pecheneg
Most Oscar Losses (Acting)
pecheneg
Beyoncé Albums
pecheneg
Trending Topics
NBA
Marvel
Harry Potter
Disney
Kpop
Crossword
Anime
Puzzle
Country
Soccer
Song
The Office
NFL
Pokémon
WWE
Your Account Isn't Verified!
In order to create a playlist on Sporcle, you need to verify the email address you used during registration. Go to your
Sporcle Settings
to finish the process.
Report this User
Report this user for behavior that violates our
Community Guidelines
.
Details:
Send Report
Go to the Sporcle.com Mobile Site →
Comments